000 00417pab a2200181 454500
008 180718b2000 xxu||||| |||| 00| 0 eng d
100 _aHaider, Saraswati
245 _aUrban poverty has a woman's face
260 _c2000
300 _ap.101-02
362 _aApr
650 _aPoor - India
650 _aWomen - India
650 _aPoverty - India
650 _aPoverty
773 _aShelter
909 _a45268
999 _c45268
_d45268